000 00658nam a2200217 4500
003 OSt
005 20240730052855.0
006 a
008 240730b |||||||| |||| 00| 0 eng d
020 _a9716420714
040 _aDWCL-Main lib.
_cOC
082 _2Second edition
_aFil. 959.9092 Z21p 2010
100 _aZaide, Sonia M.
245 _aThe Philippines : a unique nation /
250 _aSecond edition
260 _aQuezon City :
_bAll Nations Publishing Co., Inc.,
_cc2010.
300 _b478 p. ;
_c22 cm.
504 _aIncludes bibliographical references.
650 _a1. Philippines-History.
942 _2ddc
_n0
_cBK - FIL
_eSecond edition
_kFil.
999 _c2957
_d2957